• 首页
  • 本馆介绍
  • 公告通知
  • 最新文献
  • 馆藏检索
  • 电子资源
  • 读者导购
  • 参考咨询
  • 我的图书馆
  • 登录
  • 详细信息显示
  • 放入我的书架
  • 预约/预借图书
  • 作者相关作品
  • 分类相关作品
  • 丛书相关作品
  • 出版社相关作品

书目信息

  • 表格格式
  • 工作单格式
  • 卡片格式
题名:
感光影像学学科发展报告
    
 
作者: ;中国感光学会 编著
分册: 2016-2017  
出版信息: 北京   中国科学技术出版社  2018
页数: 327页
开本: 26cm
丛书名:
单 册:
中图分类: TB81-12 , TB81
科图分类:
主题词: 影象--学科发展--研究报告--中国--2016-2017
电子资源:
ISBN: 978-7-5046-7984-0
000 01136nam0 2200253 450
001 2341386892
005 20231211175808.70
010    @a978-7-5046-7984-0@d98.00CNY
100    @a20180907d2018 em y0chiy0120 ea
101 0  @achi@deng@eeng
102    @aCN@b110000
105    @aa z 001yy
200 1  @a感光影像学学科发展报告@Agan guang ying xiang xue xue ke fa zhan bao gao@h2016-2017@b专著@f中国感光学会编著
210    @a北京@c中国科学技术出版社@d2018
215    @a327页@c图@d26cm
300    @a中国科协学科发展研究系列报告/中国科学技术协会主编
304    @a英文共同题名:Report on advances in photoimaging
330    @a本书由一个综合报告和十一个专题报告组成。十一个专题分别是:影像捕获与数字影像处理、颜色跨媒体呈现与管理技术、彩色硬拷贝技术、遥感影像技术、光刻及微纳蚀刻技术、有机发光二极管与新型显示技术、计算机直接制版技术与绿色印刷技术、光催化技术、辐射固化技术、3D打印技术、3D立体影像技术。
606 0  @a影象@x学科发展@x研究报告@y中国@z2016-2017
690    @aTB81-12@v5
690    @aTB81@v4
711 02 @a中国感光学会@Azhong guo gan guang xue hui@4编著
801  2 @aCN@b辽宁北配@c20231205
905    @aBZT@dTB81@e29:2016
    
    感光影像学学科发展报告.2016-2017/中国感光学会编著.-北京:中国科学技术出版社,2018
    327页:图;26cm
    中国科协学科发展研究系列报告/中国科学技术协会主编
    
    ISBN 978-7-5046-7984-0:98.00CNY
    本书由一个综合报告和十一个专题报告组成。十一个专题分别是:影像捕获与数字影像处理、颜色跨媒体呈现与管理技术、彩色硬拷贝技术、遥感影像技术、光刻及微纳蚀刻技术、有机发光二极管与新型显示技术、计算机直接制版技术与绿色印刷技术、光催化技术、辐射固化技术、3D打印技术、3D立体影像技术。
●
相关链接 在五车中查询图书 在当当中查询图书 在豆瓣中查询图书


正题名:感光影像学学科发展报告     索取号:TB81/29:2016         预约/预借

序号 登录号 条形码 馆藏地/架位号 状态 备注
1 2001565792   2001565792   辽三/辽宁北配(第三批)/1472/ [索取号:TB81/29:2016] 在馆    
2 2001565793   2001565793   辽三/辽宁北配(第三批)/1472/ [索取号:TB81/29:2016] 在馆    
3 2001565794   2001565794   辽三/辽宁北配(第三批)/1472/ [索取号:TB81/29:2016] 在馆    
4 2001565795   2001565795   辽三/辽宁北配(第三批)/1472/ [索取号:TB81/29:2016] 在馆    
5 2001565796   2001565796   辽三/辽宁北配(第三批)/1472/ [索取号:TB81/29:2016] 在馆    
6 2001565797   2001565797   辽三/辽宁北配(第三批)/1472/ [索取号:TB81/29:2016] 在馆    
7 2001565798   2001565798   辽三/辽宁北配(第三批)/1472/ [索取号:TB81/29:2016] 在馆    
8 2001565799   2001565799   辽三/辽宁北配(第三批)/1472/ [索取号:TB81/29:2016] 在馆    
9 2001565800   2001565800   辽三/辽宁北配(第三批)/1472/ [索取号:TB81/29:2016] 在馆    
10 2001565801   2001565801   辽三/辽宁北配(第三批)/1472/ [索取号:TB81/29:2016] 在馆    
11 2001565802   2001565802   辽三/辽宁北配(第三批)/1472/ [索取号:TB81/29:2016] 在馆    
12 2001565803   2001565803   辽三/辽宁北配(第三批)/1472/ [索取号:TB81/29:2016] 在馆    
13 2001565804   2001565804   辽三/辽宁北配(第三批)/1472/ [索取号:TB81/29:2016] 在馆    
14 2001565805   2001565805   辽三/辽宁北配(第三批)/1472/ [索取号:TB81/29:2016] 在馆    
15 2001565806   2001565806   辽三/辽宁北配(第三批)/1472/ [索取号:TB81/29:2016] 在馆    
16 2001565807   2001565807   辽三/辽宁北配(第三批)/1472/ [索取号:TB81/29:2016] 在馆    
山东省滨州职业学院图书馆 欢迎您!
大连网信软件有限公司© 版权所有